Employment Observatory Central and Eastern Europe

Saved in:
Bibliographic Details
Format: Book
Language:English
Published: Brussel Commission of the European Communities 1993
Edition:1st ed.
Subjects:
Tags: Add Tag
No Tags, Be the first to tag this record!

MARC

LEADER 00000nam a2200000 4500
001 c009468
005 20221214082026.9
041 0 |a eng 
044 |a BE 
245 1 0 |a Employment Observatory  |b Central and Eastern Europe 
250 |a 1st ed. 
264 1 |a Brussel  |b Commission of the European Communities  |c 1993 
300 |a 48 s. 
610 2 0 |a zamestnanosť 
610 2 0 |a stredná Európa 
610 2 0 |a východná Európa 
610 2 0 |a Albánsko 
610 2 0 |a štatistika demografická